| 000 | 00392nam a2200145Ia 4500 | ||
|---|---|---|---|
| 005 | 20251222144831.0 | ||
| 008 | 251222s9999||||xx |||||||||||||| ||spa|| | ||
| 020 | _a978-9972-57-144-2 | ||
| 082 | _a658.408/S29R | ||
| 100 | _aSchwalb, María Matilde | ||
| 245 | 0 | _aResponsabilidad Social: | |
| 250 | _a2a.ed. | ||
| 264 | _bCentro de Investigación Universidad del Pacífico | ||
| 942 | _cLIB | ||
| 999 |
_c20862 _d20862 |
||